Statistics for Every City in Garfield County, Colorado

Click here to take the quiz!

General Stats

  • This quiz has been taken 7 times
  • The average score is 4 of 12

Answers on the Map

Answers color-coded by a green-red scale on the quiz's map according to % correct below.
Loading ...
 

Answer Stats

City% Correct
Carbondale
67%
Glenwood Springs
67%
Rifle
67%
Battlement Mesa
33%
New Castle
33%
No Name
33%
Parachute
33%
Silt
33%
Catherine
0%
Cattle Creek
0%
Chacra
0%
Mulford
0%

Score Distribution

Percentile by Number Answered

Percent of People with Each Score

Your Score History

You have not taken this quiz